| 000 | 00411nam a2200145 a 4500 | ||
|---|---|---|---|
| 001 | 4916 | ||
| 003 | CDMR | ||
| 005 | 20130619094523.0 | ||
| 008 | 130130s1996||||||||||||||||||||||||||||d | ||
| 040 |
_aCDMR _bcat _cCPC LLEIDA |
||
| 110 | 1 |
_92832 _aEspanya _b -- Cortes Generales _b -- Senado |
|
| 245 | 0 | _aInforme de la comisión especial sobre contenidos televisivos | |
| 260 |
_aMadrid _c1996 _bSenado |
||
| 942 |
_cMON _2ddc |
||
| 999 |
_c4916 _d4916 |
||